000 01104nam a2200229Ia 4500
003 OSt
005 20220923221852.0
006 a|||||r|||| 00| 0
007 ta
008 220922b |||||||| |||| 00| 0 hin d
024 _a200,646
037 _cTextual
040 _aARTS
_cARTS
_bhin
041 _2hin
_ahin
082 _aV2:25xM69:1, 152J9
100 _aगांधी, मोहनदास कर्मचंद
_9159938
245 0 _aदक्षिण अफ्रिका के सत्याग्रह का इतिहास राजनिति के क्षेत्र में बडें पैमाने पर सत्याग्रह के पहले प्रयोग का इतिहास
246 _aDakṣhiṇ afrikā ke satyāgrah kā itihās rājaniti ke kṣhetra mean baḍean paimāne par satyāgrah ke pahale prayog kā itihāsa
490 _aगांधी साहित्य 6
942 _hV2:25xM69:1, 152J9
_cTEXL
_2CC
999 _c352318
_d352318